Student's Solutions Manual to Accompany stein's Calculus and Analytic Geometry
Zapisane w:
| 1. autor: | |
|---|---|
| Format: | Książka |
| Język: | Undetermined |
| Wydane: |
New York
McGraw - Hill Book
1987
|
| Hasła przedmiotowe: | |
| Etykiety: |
Dodaj etykietę
Nie ma etykietki, Dołącz pierwszą etykiete!
|
| Thư viện lưu trữ: | Trung tâm Học liệu Trường Đại học Cần Thơ |
|---|
| LEADER | 00565nam a2200193Ia 4500 | ||
|---|---|---|---|
| 001 | CTU_30128 | ||
| 008 | 210402s9999 xx 000 0 und d | ||
| 082 | |a 516.3 | ||
| 082 | |b B242 | ||
| 100 | |a Anthony Barcellos | ||
| 245 | 0 | |a Student's Solutions Manual to Accompany stein's | |
| 245 | 0 | |b Calculus and Analytic Geometry | |
| 245 | 0 | |c Anthony Barcellos, Dean Hickerson | |
| 260 | |a New York | ||
| 260 | |b McGraw - Hill Book | ||
| 260 | |c 1987 | ||
| 650 | |a geometry,analytic | ||
| 904 | |i Lan, 990307 | ||
| 980 | |a Trung tâm Học liệu Trường Đại học Cần Thơ | ||